| 000 | 00644nam a22002417a 4500 | ||
|---|---|---|---|
| 003 | UA-OsUOA | ||
| 001 | 51834 | ||
| 007 | ta | ||
| 008 | 20080122b un ||||| |||| 00| 0 ukr d | ||
| 100 | _aКравчук В. | ||
| 090 |
_a82-31 _bК78 |
||
| 942 | _cBK | ||
| 040 |
_aUA-OsUOA _bukr _cUA-OsUOA _dUA-OsUOA |
||
| 245 |
_aТретя місячна ніч _bповісті |
||
| 300 | _a264 с. | ||
| 955 | _a3 | ||
| 041 | _aukr | ||
| 080 | _a82-31 | ||
| 020 | _a966-7158-40-3 | ||
| 260 |
_aХмельницький _bПоділля _c1999 |
||
| 650 | 7 |
_a82 Література. Літературознавство _2UDC |
|
| 999 |
_c337993 _d337993 |
||